El centinela de la frontera : (Registro nro. 7142)
[ vista simple ]
| 000 -LEADER | |
|---|---|
| fixed length control field | 00773nam a2200229 a 4500 |
| 001 - CONTROL NUMBER | |
| control field | 000039196 |
| 003 - CONTROL NUMBER IDENTIFIER | |
| control field | 000039196 |
| 005 - DATE AND TIME OF LATEST TRANSACTION | |
| control field | 20160920115720.0 |
| 008 - FIXED-LENGTH DATA ELEMENTS--GENERAL INFORMATION | |
| fixed length control field | 110331s2001 dr ac 000 0bspa d |
| 040 ## - CATALOGING SOURCE | |
| Original cataloging agency | BPMET |
| Language of cataloging | spa |
| Transcribing agency | BPMET |
| 092 ## - LOCALLY ASSIGNED DEWEY CALL NUMBER (OCLC) | |
| Classification number | 923.57293 |
| Item number | D985B, |
| 100 1# - MAIN ENTRY--PERSONAL NAME | |
| Personal name | Balaguer, Joaquín, |
| Dates associated with a name | 1906-2002 |
| 245 13 - TITLE STATEMENT | |
| Title | El centinela de la frontera : |
| Remainder of title | vida y hazañas de Antonio Duvergé / |
| Statement of responsibility, etc. | Joaquín Balaguer. |
| 250 ## - EDITION STATEMENT | |
| Edition statement | 6a. ed. |
| 260 ## - PUBLICATION, DISTRIBUTION, ETC. (IMPRINT) | |
| Place of publication, distribution, etc. | Santo Domingo : |
| Name of publisher, distributor, etc. | Corripio |
| Date of publication, distribution, etc. | 2001 |
| 300 ## - PHYSICAL DESCRIPTION | |
| Extent | 190 p. : |
| Other physical details | il., retrs. |
| Dimensions | 22 cm. |
| 500 ## - GENERAL NOTE | |
| General note | Incluye notas al pie de las páginas. |
| 500 ## - GENERAL NOTE | |
| General note | Incluye datos biográficos del autor en la solapa de la portada |
| 600 14 - SUBJECT ADDED ENTRY--PERSONAL NAME | |
| Personal name | DUVERGÉ, ANTONIO, |
| Dates associated with a name | 1807-1855 |
| 942 ## - ADDED ENTRY ELEMENTS (KOHA) | |
| Source of classification or shelving scheme | Dewey Decimal Classification |
| Koha item type | Libros |
| 956 ## - LOCAL ELECTRONIC LOCATION AND ACCESS (OCLC) | |
| Host name | VMATEO |
| Access number | 10 |
| Compression information | 20130612 |
| Logon | BPMSU |
| Processor of request | 0069 |
| Withdrawn status | Lost status | Source of classification or shelving scheme | Damaged status | Not for loan | Collection code | Home library | Current library | Date acquired | Total Checkouts | Barcode | Date last seen | Copy number | Price effective from | Koha item type |
|---|---|---|---|---|---|---|---|---|---|---|---|---|---|---|
| Dewey Decimal Classification | Biblioteca Pública Metropolitana Salomé Ureña | Biblioteca Pública Metropolitana Salomé Ureña | 07/14/2014 | BPMET15040553 | 07/14/2014 | 1 | 07/14/2014 | Libros | ||||||
| Dewey Decimal Classification | Biblioteca Pública Metropolitana Salomé Ureña | Biblioteca Pública Metropolitana Salomé Ureña | 07/14/2014 | BPMET15040554 | 07/14/2014 | 2 | 07/14/2014 | Libros |